Normal view
MARC view
- Antropología
Entry Materia
Number of records used in: 113
001 - NÚMERO DE CONTROL DEL REGISTRO
- campo de control: 4499
003 - IDENTIFICADOR DE NUMERO DE CONTROL
- campo de control: UPN
005 - FECHA Y HORA DE LA ÚLTIMA TRANSACCIÓN
- campo de control: 20240909165550.0
008 - DATOS DE LONGITUD FIJA
- campo de control de longitud fija: nabaccnnaabn|||||||||| b |nc|||||d
035 ## - NÚMERO DE CONTROL DEL SISTEMA
- Número de control del sistema: UPN10000004499
040 ## - FUENTE DE LA CATALOGACIÓN
- Lengua de catalogación: spa
- Agencia de transcripción: MX-MxUPN
- Centro catalogador de origen: Mx-MxUPN
046 ## - FECHAS CON CODIFICACIÓN ESPECIAL
- Fecha final para contenidos agregados: 250123
053 #4 - NÚMERO CLASIFICADOR - BIBLIOTECA DEL CONGRESO (LC)
- Elemento numérico de la clasificación - Número único o no. inicial del rango: GN24
150 ## - ENCABEZAMIENTO - TEMÁTICO
- Término de materia o nombre geográfico como elemento inicial: Antropología
360 ## - REFERENCIA COMPLEJA DE VÉASE ADEMÁS - MATERIA
- Texto explicativo: Nombres de razas, tribus, etc. Ej.:
- Encabezamiento al que se remite: CAUCASICA, RAZA ; GUAYAQUES ;
- Texto explicativo: y subdivisión de
- Encabezamiento al que se remite: CUESTION RACIAL
- Texto explicativo: bajo nombres de países. Ej.:
- Encabezamiento al que se remite: ESTADOS UNIDOS - CUESTION RACIAL
670 ## - FUENTE EN LA QUE SE LOCALIZARON DATOS
- Cita de la fuente: E
902 ## - CATALOGADOR
- Catalogador: CAA/120504
